Estatísticas para Cultura Geral

Clique aqui para jogar o quiz

Estatísticas Gerais

  • Esse quiz foi jogado 14 vezes
  • A pontuação média é 6 de 15

Estatísticas das Respostas

HintResposta% Correto
Qual é o maior país do mundo que faz fronteira apenas com um outro país?Canadá
73%
Que país estava conectado à Suécia pela ponte Øresund?Dinamarca
73%
Qual empresa lançou seu telefone modelo 3310, vendendo 126 milhões de unidades em todo o mundo?Nokia
73%
Qual é a palavra francesa para "sim"?Oui
64%
Que aplicação do telemóvel serve para encontrar um companheiro?Tinder
55%
Que país da América Central fala inglêsBelize
45%
Que território britânico faz fronteira com a Espanha?Gibraltar
45%
Que jogo explora um mundo feito de cubos?Minecraft
45%
Que aplicação de vídeo chamada foi desenvolvida pela Microsoft?Skype
36%
O que se tornou a roda-gigante mais alta do mundo?London Eye
27%
Quem foi casado com Tommy Lee e Kid Rock?Pamela Anderson
9%
Que desenho de TV introduziu a exclamação "Zoinks!" para expressar surpresa e medo?Scooby-Doo
9%
Qual banda de rock britânica lançou seu primeiro álbum, "Parachutes"?Coldplay
0%
Quem era o vilão do filme "A Bela e a Fera"?Gaston
0%
Que cidade também é chamada de "Nola" e "The Big Easy"?Nova Orleans
0%

Distribuição das Pontuações

Percentil de Números Respondidos

Porcentagem de Pessoas com Cada Pontuação

Sua Pontuação Histórica

Você não jogou esse quiz